000 00827nam a2200277 a 4500
001 000009756
003 DO-SdBNP
005 20230209072757.0
007 ta
008 091001s1986 dr 000 p spa d
040 _aDO-SdBNP
_cBNPHU
_bspa
049 _aBNPD
082 4 _a841.91
_bB641m
_222
100 1 _aBlanco, Delia
_924662
245 1 0 _aMi trópico escondido /
_cDelia Blanco ; edición César R. Ojeda C.
260 _aSanto Domingo :
_bEditorial Santo Domingo,
_c1986.
300 _a88 p. ;
_c21 cm.
490 1 _aOrfeo
500 _aIncluye datos biográficos del autor en la contracubierta
590 _aInventariado, 2023/BT
650 4 _aPoesía francesa
_94916
650 4 _aLiteratura francesa
_91074
700 1 _aOjeda C., César R.,
_eedición
_924663
830 0 _aOrfeo
_918812
942 _2ddc
_cLBS1
999 _c9516
_d9516